000
00317nam a2200121Ia 4500
005
20251222143252.0
008
251222s9999||||xx |||||||||||||| ||spa||
020
_a
3-936238-11-1
082
_a
943.088/M61
245
0
_a
La Actualidad de Alemania
264
_b
Ministerio Federal de Relaciones Exteriores
942
_c
LIB
999
_c
14992
_d
14992